[Event "Olympiad-38"]
[Site "Dresden"]
[Date "2008.11.22"]
[Round "9"]
[White "Grischuk, Alexander"]
[Black "Eljanov, Pavel"]
[Result "1/2-1/2"]
[WhiteElo "2719"]
[BlackElo "2720"]
[PlyCount "182"]
[EventDate "2008.11.13"]
[EventType "team-swiss"]
[EventRounds "11"]
[EventCountry "GER"]
[SourceTitle "CBM 128"]
[Source "ChessBase"]
[SourceDate "2009.01.28"]
[SourceVersion "1"]
[SourceVersionDate "2009.01.28"]
[SourceQuality "1"]
[WhiteTeam "Russia"]
[BlackTeam "Ukraine"]
[WhiteTeamCountry "RUS"]
[BlackTeamCountry "UKR"]

1. e4 e5 2. Nf3 Nc6 3. Bb5 Nf6 4. O-O Nxe4 5. d4 Nd6 6. Bxc6 dxc6 7. dxe5 Nf5
8. Qxd8+ Kxd8 9. Nc3 Ne7 10. h3 Ng6 11. Ne4 h6 12. b3 a5 13. Bb2 Nf4 14. Rad1+
Ke8 15. Nd4 a4 16. c4 Be7 17. Kh2 h5 18. Rfe1 Bb4 19. Re3 axb3 20. axb3 Ra2 21.
Bc3 Bxc3 22. Nxc3 Ra8 23. Ne4 h4 24. Nc5 Rh5 25. b4 Rg5 26. Rf3 Ne6 27. Ncxe6
Bxe6 28. Nxe6 fxe6 29. Rd4 Rxe5 30. Rxh4 Ra4 31. Rh8+ Ke7 32. Rc8 Kd7 33. Rg8
Rxb4 34. Rd3+ Ke7 35. Rxg7+ Kf6 36. Rxc7 Rc5 37. Rf3+ Ke5 38. Rff7 b6 39. g4
Rcxc4 40. g5 Rh4 41. Rxc6 Rh5 42. Rf6 Rxg5 43. Rcxe6+ Kd5 44. Rxb6 Rxb6 45.
Rxb6 Rg8 46. Rb4 Ke5 47. Rg4 Ra8 48. Kg3 Kf6 49. h4 Ra5 50. Rg8 Ra1 51. Kg2 Ra4
52. Kh3 Ra1 53. Rg4 Ra2 54. h5 Ra1 55. Rg2 Rh1+ 56. Rh2 Ra1 57. h6 Kg6 58. Kg4
Kh7 59. f4 Ra6 60. Rh1 Rb6 61. Kg5 Rg6+ 62. Kf5 Ra6 63. Rh5 Rb6 64. Ke4 Rb4+
65. Kf3 Rb3+ 66. Kg4 Rb6 67. Rh4 Rb5 68. Rh1 Rb6 69. Kg5 Rg6+ 70. Kf5 Ra6 71.
Rh4 Rb6 72. Ke5 Rb5+ 73. Ke6 Rb6+ 74. Kd5 Rb5+ 75. Kc6 Ra5 76. Kd6 Ra6+ 77. Ke5
Ra5+ 78. Ke4 Ra4+ 79. Kf3 Ra3+ 80. Kg4 Ra6 81. Rh5 Rg6+ 82. Kf3 Ra6 83. Ke4
Ra4+ 84. Ke3 Ra3+ 85. Kd2 Ra4 86. f5 Ra6 87. Kd3 Rxh6 88. Rxh6+ Kxh6 89. Kd4
Kg7 90. Ke5 Kf7 91. f6 Kf8 1/2-1/2

[Event "Elista FIDE GP"]
[Site "Elista"]
[Date "2008.12.14"]
[Round "1"]
[White "Mamedyarov, Shakhriyar"]
[Black "Grischuk, Alexander"]
[Result "1/2-1/2"]
[WhiteElo "2731"]
[BlackElo "2719"]
[Annotator "Ftacnik,L"]
[PlyCount "55"]
[EventDate "2008.12.14"]
[EventType "tourn"]
[EventRounds "13"]
[EventCountry "RUS"]
[EventCategory "19"]
[SourceTitle "CBM 128"]
[Source "ChessBase"]
[SourceDate "2009.01.28"]
[SourceVersion "1"]
[SourceVersionDate "2009.01.28"]
[SourceQuality "1"]

1. d4 Nf6 2. c4 g6 3. Nc3 Bg7 4. Nf3 d5 5. cxd5 Nxd5 6. e4 Nxc3 7. bxc3 c5 8.
Rb1 O-O 9. Be2 cxd4 10. cxd4 Qa5+ 11. Bd2 Qxa2 12. O-O Bg4 13. Bg5 h6 14. Bh4
g5 15. Bg3 Nc6 {Grischuk is obviously toying with fire, since his kingside is
seriously compromised. On the other hand the battle will be taking place in
the centre and his pieces are ready for the fight.} (15... b6 16. h4 $5) 16. d5
Rad8 (16... Bxf3 17. Bxf3 Nd4 18. Rxb7 Qa3 19. Bg4 $18) 17. Rxb7 f5 $1 {
[%mdl 4] The logical approach is opening the file for the rook on f8 and
adding oil to the fire at a moment, when the defender is enjoying the
advantage in development.} (17... e6 $6 18. Bc7 $1 exd5 (18... Rd7 19. Bb5 Rc8
20. d6 $18) 19. Bxd8 dxe4 (19... Nxd8 20. Rb8 dxe4 21. Rxd8 $16) 20. Be7 (20.
Bc7 $1 exf3 21. Bxf3 Qa6 22. Rb1 $14) 20... Re8 $6 (20... Nxe7 21. Rxe7 (21.
Nd4 Nc6 $1 22. Bxg4 Nxd4 $14) 21... exf3 22. Bxf3 Bxf3 23. Qxf3 a5 $1 $132) 21.
Bc5 Rd8 22. Qb3 Qxb3 23. Rxb3 Rd5 24. Ba3 exf3 25. Bxf3 Bxf3 26. Rxf3 Nd4 27.
Re3 Nc2 $6 (27... a5 $5) (27... Ne6 {/\ Bd4}) 28. Re8+ $16 {1-0 Chernin,A 
(2600)-Horvath,J (2505)/Hungary 1992 (36)}) 18. exf5 {Mamedyarov has avoided
the critical continuation 18.Rc7!? and he believes there are numerous
weaknesses in Black's camp.} (18. Bc7 $6 fxe4 $1 19. Bxd8 exf3 20. gxf3 Nxd8
21. Rxe7 Bf5 $15) (18. Qe1 Bxf3 19. Bxf3 Nd4 20. exf5 (20. Bh5 f4 21. Qb4 Qa6
22. Qxe7 Qf6 23. Rxa7 fxg3 24. hxg3 Qxe7 25. Rxe7 Bf6 26. Rb7 Be5 27. Kh2 Rb8
28. Rxb8 Bxb8 $11 {1/2 Ivanov,S (2528)-Pierrot,J (2442)/Cappelle la Grande
1999 (42)}) 20... Nxf3+ 21. gxf3 Qxd5 22. Rxa7 Rxf5 $11) (18. Rc7 $5 fxe4 19.
Rxc6 exf3 20. Bc4 $1 (20. gxf3 Bh3 (20... Bh5 $5) 21. Bc4 Qa3 22. Re1 Qxf3 23.
Qxf3 Rxf3 24. Rc7 $14) 20... Qa3 $1 (20... Qb2 21. Re1 e6 22. d6 $16) 21. Re1
Kh8 (21... Kh7 22. d6 exd6 23. Bxd6 Rxd6 24. Rxd6 fxg2 25. Qd3+ Qxd3 26. Bxd3+
Kh8 27. Kxg2 $14) 22. Rxh6+ $5 (22. Be5 $6 Bxe5 23. Rxe5 Rf6 24. Qe1 fxg2 25.
Rxe7 Rdf8 26. Rcc7 Bf5 $14) 22... Bxh6 23. Qd4+ Bg7 (23... Rf6 24. Be5 Bg7 25.
Qxg4 (25. Bxf6 Bxf6 26. Qxg4 Qb4 $11) 25... Qb4 26. Rc1 Qd2 27. Qh3+ Kg8 28.
d6+ e6 29. Bxe6+ Kf8 30. Ra1 $16) 24. Qxg4 {1/2 Shulman,Y (2559)-Votava,J 
(2497)/Pardubice 1999 (61)} Qb4 $5) (18. dxc6 Rxd1 19. Bxd1 Qa6 20. Bb3+ Kh8
21. exf5 Bxf3 22. gxf3 Qxc6 23. Rxe7 Qxf3 24. Bc2 h5 25. Be4 Qc3 $15 {1/2
Halkias,S (2406)-Fontaine,R (2408)/Patras 1999 (70)}) 18... Rxd5 19. Qe1 (19.
Qc1 $6 Qxe2 20. Qxc6 Rfxf5 $5 $15) (19. Qb3 Qxb3 20. Rxb3 Rc5 $15) 19... Bxf5
20. Bd1 Rd3 {Grischuk has gained the pawn, but his position is reminiscent of
a cheese with numerous holes.} (20... Qa6 21. Bb3 Qxb7 22. Bxd5+ Kh7 23. Be5
$14) 21. Rc7 Rc8 {Mamedyarov is extremely dangerous in tactics and thus Black
has decided to exchange his most active piece. In a game against a less wild
mortal Black might have tried doubling the rooks with somewhat better chances.}
(21... Rfd8 $5 22. Be2 (22. Rxc6 Rxd1 23. Qxd1 Rxd1 24. Rxd1 a5 $5 $17) 22...
Qd5 $1 $15) 22. Rxc8+ Bxc8 23. Qe4 Rc3 (23... Qd5 $2 24. Qxd5+ Rxd5 25. Bb3 e6
26. Bxd5 exd5 27. Rc1 $14) (23... Rd5 24. Qe3 $1 (24. Qg6 Bd7 25. Bc2 $36)
24... Rb5 25. Be2 $13) 24. Re1 {White has finished the development and starts
contemplating some serious active counterplay. The opponents are positionally
keeping each other in check and will avoid battling it out with the help of a
repetition of moves.} Rc5 (24... Qf7 25. Ne5 (25. h4 $5) 25... Qf5 26. Qd5+ Be6
27. Nxc6 Qxd5 28. Nxe7+ Kh7 29. Nxd5 Bxd5 30. Bg4 $13) 25. Qd3 (25. h4 $6 Bf5
$1 26. Qe3 Rc3 $1 $17) (25. Qe3 Rc3 $11) 25... Rc3 26. Qe4 Rc5 27. Qd3 Rc3 28.
Qe4 1/2-1/2

[Event "Elista FIDE GP"]
[Site "Elista"]
[Date "2008.12.18"]
[Round "5"]
[White "Gashimov, Vugar"]
[Black "Grischuk, Alexander"]
[Result "1-0"]
[WhiteElo "2703"]
[BlackElo "2719"]
[Annotator "Stohl,I"]
[PlyCount "127"]
[EventDate "2008.12.14"]
[EventType "tourn"]
[EventRounds "13"]
[EventCountry "RUS"]
[EventCategory "19"]
[SourceTitle "CBM 128"]
[Source "ChessBase"]
[SourceDate "2009.01.28"]
[SourceVersion "1"]
[SourceVersionDate "2009.01.28"]
[SourceQuality "1"]

1. e4 c5 2. Nf3 d6 3. d4 cxd4 4. Nxd4 Nf6 5. Nc3 a6 6. Bg5 e6 7. f4 Qb6 8. Qd3
{A rare alternative, which has nevertheless been tried even in some recent
high level games and is possibly no worse than the main continuation.} ({
The most topical line is currently} 8. Qd2 Qxb2 9. Rb1 Qa3 10. e5 dxe5 11. fxe5
Nfd7 12. Ne4 h6 13. Bh4 Qxa2 14. Rd1 Qd5 15. Qe3 {A new idea after} Qxe5 (15...
Bc5 $5 16. Nxe6 (16. Be2 O-O 17. Nf6+ {Schneider,I (2468)-Zakharstov,V (2556)/
Pardubice op/2008/} Nxf6 $5 18. exf6 g5 $17 {Zakharstov}) 16... Bb4+ 17. c3
Qxe6 18. cxb4 O-O 19. Rd6 Qxe5 20. Bc4 {, now critical seems to be Ftacnik's
yet untested recommendation} Qh5 $1 (20... Re8 $2 21. Bxf7+ Kxf7 22. Qb3+ Re6
23. O-O+ Nf6 24. Nxf6 gxf6 25. Rxf6+ Qxf6 26. Bxf6 Kxf6 27. Qf3+ {1-0,
Nesterovsky,A (2200)-Alexikov,A (2392)/Petach Tikva/2008/}) (20... Nc6 $6 21.
O-O Qh5 22. Bf6 $1 Nxf6 23. Nxf6+ gxf6 24. Rfxf6 Ne5 25. Rxh6 Nxc4 26. Qe7 {
1-0, Sjugirov,S (2491)-Brodsky,M (2572)/St Petersburg/2008/}) 21. Bg3 Nc6 22.
O-O Nde5 $13) 16. Be2 Bc5 17. Bg3 {is} Qd5 $5 18. Bf3 ({After} 18. c4 Bxd4 19.
Rxd4 Qa5+ 20. Rd2 O-O 21. Bd6 Rd8 22. Qg3 Qf5 23. Be5 Qg6 24. Qh4 Nc6 {We get
the position from Motylev-Anand, Wijk aan Zee 2007 with White's P on c4. This
works in Black's favour, as in the line} 25. Bh5 Qf5 26. Bxg7 Nc5 $1 27. Nxc5
Kxg7 28. Rf1 Qe5+ 29. Ne4 Qa1+ 30. Rd1 Rxd1+ 31. Bxd1 f5 $19 {White now
doesn't have the decisive 32.c3!}) 18... O-O 19. Qc3 Ba7 (19... e5 20. Nb3 Bd4
21. Nxd4 exd4 22. Rxd4 Qe6 23. Rd6 Qe7 24. Rd2 Nf6 (24... f5 25. Bd6 Qe8 26.
Bxf8 Nxf8 27. Qc4+ Kh8 28. O-O $32 fxe4 29. Bh5 $1 g6 30. Rdf2 Nbd7 31. Rf7 $40
) (24... Rd8 25. O-O $44 {/+/=}) 25. Bd6 Nxe4 26. Bxe7 Nxc3 27. Bxf8 Nc6 28.
Bxc6 bxc6 29. Rd8 Bb7 30. Rxa8 Bxa8 31. Be7 $16 {Comp Junior-Comp Cluster Toga/
WCCC Beijing/2008/}) 20. Rf1 f5 $5 21. Nf6+ Nxf6 22. Bxd5 Nxd5 23. Qb3 Bxd4 24.
Rxd4 Nc6 25. Rd1 a5 26. Bd6 a4 27. Qb2 Rf7 28. Rf3 Na5 29. Rd4 Nc6 30. Rc4 Ra6
31. Ra3 Nb6 32. Rh4 f4 $1 $13 {Serner,A (2559)-Tazelaar,H (2475)/corr/2007/})
8... Qxb2 9. Rb1 ({Winning a tempo is more natural than} 9. Nb3 Nbd7 10. Bxf6
gxf6 11. Rb1 Qa3 12. Be2 b5 (12... Nc5 13. Qf3 Bg7 14. O-O O-O 15. Kh1 Bd7 16.
Qh5 Bc6 17. Rf3 Bxe4 18. Nxe4 Nxe4 19. Bd3 f5 20. Bxe4 fxe4 21. Rg3 Kh8 22.
Rxg7 Kxg7 23. Qg5+ Kh8 24. Qf6+ {1/2, Suetin,A-Sakharov,Y/URS-ch Kiev/1964/})
13. O-O Bb7 14. f5 Rc8 15. fxe6 fxe6 16. Qh3 Be7 (16... Kd8 17. Bg4 Qb4 18. Ne2
$5 $44) 17. Bg4 Nf8 18. Nd5 Rxc2 19. Bxe6 Nxe6 20. Qxe6 Bxd5 21. Qxd5 Qxa2 22.
e5 dxe5 23. Kh1 Kf8 24. Qe6 Rf2 25. Rbc1 Rxf1+ 26. Rxf1 Rg8 27. Rxf6+ Bxf6 28.
Qxf6+ {1/2, Thomas,T (2510)-Nimtz,M (2600)/corr/1996/}) 9... Qa3 10. f5 {
White must open lines and create some threats.} ({Too soft is} 10. Be2 $6 Nbd7
11. O-O Qc5 12. Kh1 Be7 13. a4 Qc7 14. Rf3 h6 15. Rh3 Nc5 16. Qe3 Qa5 17. e5
dxe5 18. fxe5 Ng4 19. Bxg4 Bxg5 20. Qe2 O-O $17 {Nieuwenhuis,P-Nunn,J (2585)/
Utrecht/1986/}) 10... Be7 ({Another option is} 10... Nc6 11. fxe6 fxe6 12. Nxc6
bxc6 13. Be2 Be7 {The trickiest line is} 14. Bh5+ $1 (14. e5 $6 dxe5 15. Bxf6
gxf6 16. Bh5+ Kf8 17. Qd2 (17. O-O e4 18. Qh3 f5 19. Kh1 Rg8 20. Rb3 Qc5 21.
Nxe4 Qxc2 22. Bf3 {Van der Wiel,J (2520)-Gavrikov,V (2570)/London/1985/} Rg7 $1
$17 {Gavrikov}) 17... Kg7 18. Rb3 Qa5 19. O-O Rg8 20. Kh1 Kh8 21. Qh6 Qd8 22.
Ne4 f5 23. Bf7 Qf8 24. Qh5 Rg7 25. Be8 a5 26. Bxc6 Ba6 27. Rf2 Rd8 {0-1, Nunn,
J (2585)-Kasparov,G (2740)/Brussels/1986/}) (14. Bd2 Qc5 15. Na4 Qa7 16. Be3 c5
17. O-O O-O 18. e5 dxe5 19. Nb6 Rb8 20. Nxc8 Rbxc8 21. Qxa6 Qxa6 22. Bxa6 Ra8
23. Bc4 Nd5 24. Rxf8+ Kxf8 25. Bf2 $44 {Negi,P (2538)-Karjakin,S (2672)/Cap
d'Agde rpd/2006/}) (14. O-O Qa5 15. Bxf6 gxf6 16. Bg4 Rg8 17. Bh3 Rg5 18. Ne2
Rb5 19. Rbd1 Rc5 20. Kh1 Qb5 21. Qf3 Bd7 22. Nf4 Qc4 23. Rb1 Rb5 24. Rb3 Kf7
25. a4 Rxb3 26. cxb3 Qc5 27. Bg4 Qe5 28. Qh3 Qxe4 $2 {Gashimov,V (2644)
-Areshchenko,A (2641)/Lausanne/ 2006/} (28... Rh8 $13 {/\} 29. Bh5+ Kg7 30. Bg4
Kf7 $11) 29. Bh5+ $1 Kg7 (29... Kf8 30. Bg6 $1 hxg6 31. Qh8+ Kf7 32. Qh7+ Ke8
33. Qg8+ Bf8 34. Nxg6 $18) (29... Kg8 30. Qg4+ Kh8 31. Ng6+ $18) 30. Qg4+ Kh6
$8 31. Qh4 Kg7 32. Be8 $1 $18) 14... Nxh5 $1 (14... g6 $2 15. e5 $1 Nd5 16. Rb3
Qa5 17. Bxe7 Nxe7 18. exd6 Qxh5 19. dxe7 Qh4+ 20. g3 Qxe7 21. O-O Rf8 22. Ne4
$16 {Mamedov,R (2617)-Kokarev,D (2579)/EU-ch Plovdiv/2008/}) 15. Bxe7 Nf4 (
15... Kxe7 $4 16. Nd5+ $18) 16. Qd4 (16. Qg3 $5 e5 17. Rd1 $44 {is worth a try}
) 16... e5 17. Qxe5 dxe5 18. Bxa3 Nxg2+ 19. Kf2 Nf4 20. Bd6 Ng6 21. h4 h5 {
Huschenbeth,N (2453)-Bracker,F (2253)/Hamburg/2008/} 22. Kg3 Bg4 23. Rb7 Rd8
24. Bc5 Rd7 25. Rhb1 Nf8 $5 $132) 11. fxe6 (11. Be2 Qa5 (11... Nc6 12. fxe6
fxe6 13. Nxc6 bxc6 {-10...Nc6}) {will probably transpose into the game after}
12. fxe6) 11... fxe6 12. Be2 Qa5 (12... Nc6 13. Nxc6 bxc6 {was the last chance
to follow Kasparov's footsteps and transpose into the 10...Nc6 line.}) 13. Bd2
Qc7 14. O-O $146 {[%mdl 8] A novelty, but in this case it's certainly not an
improvement over the earlier attmepts - the sharp position necessitates more
concrete play.} (14. g4 $142 $1 h6 (14... h5 $6 15. g5 Ng4 16. Qh3 $1 Qc5 17.
Bxg4 Qxd4 18. Bxe6 Nd7 19. Rf1 Kd8 20. Nd5 Qxe4+ 21. Kd1 Nb6 22. Bxc8 Qxd5 23.
Be6 Qd4 24. Qd3 $1 {1-0, Lastin,A (2625)-Kokarev,D (2510)/St Petersburg/2002/})
15. e5 (15. Qh3 g5 16. Rf1 Kf7 17. Qf3 Nc6 18. Nxc6 Qxc6 19. h4 Rg8 20. a4 Bd7
21. hxg5 hxg5 22. e5 Qxf3 23. Bxf3 dxe5 24. Rxb7 Ke8 (24... Rac8 $5) 25. Rb6
Ra7 26. Kd1 Bd8 27. a5 $44 {Fleischanderl,F (2264)-Lorentzen,O (2318)/corr/
2004/}) 15... dxe5 16. Qg6+ Kf8 17. Nf3 Bd7 18. g5 Be8 19. Qd3 hxg5 20. Nxg5
Bf7 $6 (20... Kg8 $5 $13) 21. Nxf7 Kxf7 22. Rg1 $40 Bd8 23. Ne4 Nxe4 24. Qxe4
Nc6 25. Qg6+ Kf8 26. Rf1+ Bf6 27. Rxf6+ gxf6 28. Qxf6+ Kg8 29. Rb3 Rh7 30. Bh6
Qa5+ 31. Kf1 {1-0, Radjabov,T (2663)-Rowson,J (2577)/Calvia olm/2004/}) (14.
Qh3 Nc6 15. Nxc6 Qxc6 16. Bh5+ Nxh5 17. Qxh5+ g6 18. Qh6 Bf6 19. Ne2 Bd7 20.
O-O Rf8 21. Rb3 {Bezgodov,A (2543)-Najer,E (2600)/RUS-ch Elista/2001/} Qxe4 22.
Re3 Qh4 23. Ref3 Qxh6 24. Bxh6 Ke7 25. g4 Bb5 $1 $17 {Tyomkin}) 14... O-O 15.
Qc4 Qd7 $1 (15... Qxc4 $143 $6 16. Bxc4 Kf7 17. g4 $32 {|^} (17. Na4 $5)) 16.
Qb3 Kh8 17. Bc4 $6 {Consistent, but now Black frees his position and keeps the
extra P.} (17. Be3 $5 {/\} Nc6 18. Na4 $132 {/=/+}) 17... d5 $1 18. exd5 b5 (
18... Nc6 $1 $17) (18... Bc5 19. Be3 b5 $36 {/\} 20. dxe6 Qa7 $17) 19. Be2 (19.
Nxe6 Qa7+ 20. Kh1 bxc4 21. Qxc4 Bxe6 22. dxe6 Qc5 $17) 19... Bc5 20. Kh1 $1
exd5 (20... Bxd4 $6 21. Qb4 $11) 21. Be3 Nc6 {Now Black loses a part of his
advantage.} (21... Re8 $142 $5 $17 {prevents the following sortie.}) 22. Ne6 $5
Qxe6 (22... Bxe3 $5 23. Nxf8 Qd6 24. Nxb5 (24. Rxf6 gxf6 25. Qxd5 Qxd5 26. Nxd5
Bc5 27. Nc7 Ra7 $19 {[%csl Rc7,Rf8]}) (24. Nxd5 $6 Nxd5 25. c4 Nd4 (25... bxc4
26. Bxc4 Nf6 27. Qxe3 Qxf8 28. Qb6 $15) 26. Qd3 Bf5 27. Rxf5 bxc4 28. Rxd5 cxd3
29. Rxd6 dxe2 30. Nd7 Re8 $19 {is easy to calculate for a macine, but
difficult for a human.}) 24... axb5 25. Qxe3 Qxf8 26. Bxb5 $15 {/-/+}) 23. Bxc5
Re8 24. Bf3 Bb7 $5 (24... Na5 25. Qb4 Nc4 26. Bd4 $132) 25. a4 (25. Rbd1 Rac8
$36) (25. Nxd5 Na5 26. Qb4 Bxd5 27. Qxa5 $15) 25... Na5 26. Qb4 Nc4 27. Rbd1 (
27. axb5 Nd2 28. Nxd5 Nxf3 $5 (28... Nxf1 29. Nc7 Qd7 30. Nxe8 Bxf3 31. Rxf1 (
31. Nxf6 $2 Qh3 $19) 31... Bxg2+ 32. Kxg2 Rxe8 33. bxa6 Qc6+ $15) 29. Nxf6 Qxf6
30. bxa6 Qh6 31. Bd6 (31. gxf3 Re2 32. Rf2 Bxf3+ 33. Kg1 Qg6+ 34. Kf1 Rae8 $19)
31... Nxh2 32. Bxh2 Bxg2+ 33. Kxg2 Re2+ 34. Rf2 Rxf2+ 35. Kxf2 Qxh2+ $40) 27...
Ne4 28. Nxe4 dxe4 29. Be2 (29. Bh5 $5 e3 $5 (29... Red8 30. Rxd8+ Rxd8 31. axb5
$11) 30. Bxe8 Rxe8 $44 {/=/+}) 29... e3 $5 (29... Bc6 {keeps the extraP, but
is rather passive.}) 30. axb5 axb5 31. Qxb5 Ba6 32. Qb4 Rab8 33. Qa4 Ra8 34.
Qb4 Nd2 $1 $36 {At this moment Black is right to spurn repetiton.} 35. Rfe1 (
35. Bxa6 Nxf1 36. Bxf1 e2 $17) 35... Ne4 36. Kg1 (36. Bxa6 $5 Nf2+ 37. Kg1 Nxd1
38. Be2 (38. Bd3 Qf6 $1 39. Rf1 (39. Rxd1 Ra1 40. Rb1 Rea8 41. Bxe3 Rxb1+ 42.
Qxb1 Ra1 $19) 39... Nf2 40. Bxe3 Nxd3 $17) 38... Rab8 (38... Qf5 $5) 39. Qf4
Nc3 40. Bc4 Qe4 41. Qxe4 Rxe4 42. Bd3 Ree8 43. Bxe3 $15) 36... Rab8 37. Qd4 Nf2
$2 $138 {[%mdl 8192] With a series of weak moves in time-trouble Grischuk
completely ruins his position.} ({Already the first one gives away his
advantage, strong was} 37... Bxe2 38. Rxe2 Qc6 $1 39. Ba7 (39. Bb4 Qb5 40. Rxe3
Qxb4 $19) 39... Nc3 40. Ree1 e2 (40... Nb5 41. Qd7 Nxa7 42. Qxa7 Qxc2 $19) 41.
Ra1 Nb5 42. Qc5 Nxa7 43. Qxa7 Qxc2 $19 {and Black will gradually convert his
powerful Pe2.}) 38. Ra1 Bxe2 $6 ({Now more prudent was} 38... Qg6 $1 39. Rxa6
Nh3+ 40. Kh1 (40. Kf1 $4 Qf5+ 41. Bf3 e2+ 42. Rxe2 Rb1+ $19) 40... Nf2+ $11)
39. Rxe2 Ng4 $2 (39... Qc6 $1 40. Rxe3 Ne4 41. Bf8 Rxf8 42. Qxe4 Qc5 $14 {
still gives Black reasonable drawing chances in the major piece _|_.}) 40. h3
Ne5 $2 {Self-pinning and self-destructive.} (40... Rbd8 41. Qc3 Nf6 42. Rxe3
Qc6 $14 {/+/- is unpleasant, but at least it allows Black to fight on.} (42...
Ne4 43. Rae1 Nxc3 44. Rxe6 $16)) 41. Rxe3 $18 {The time-control is over and
Black's position is a shambles. Gashimov will convert his extra P in a simple
and fairly straightforward fashion.} Rbd8 42. Qc3 Qc4 43. Qxc4 Nxc4 44. Rxe8+
Rxe8 45. Ra7 h6 46. Bd4 Ne5 47. c4 Kh7 (47... Nxc4 48. Rxg7 Re1+ 49. Kf2 Rd1 (
49... Rc1 50. Bf6 $22 {is similar to 49...Rd1.}) 50. Rg4+ Kh7 51. Bc3 Nd6 $8
52. Ke2 Rc1 53. Rg7+ Kh8 54. Be5 Nc4 55. Bf6 $18) 48. c5 h5 49. Ra6 (49. Kf2 $1
Kg6 50. Kg3 $18 {seems somewhat simpler.}) 49... Nd3 50. Ra3 Nf4 51. Be3 Nd5
52. Kf2 Re4 53. Rd3 Nxe3 {[%mdl 4096] White will win the R_|_ in a model way.}
(53... Ne7 $5 {is more resilient, although after} 54. Bg5 {White should
gradually win.}) 54. Rxe3 Rc4 55. Re5 {White's K is close enough to help the
Pc5, while Black's K is far off.} Rc2+ (55... h4 56. Ke3 Kg6 (56... Rc2 57. Rg5
Kh6 58. Kd3 $1 $18) 57. Kd3 Rc1 58. Kd4 Rc2 59. Kd5 Rxg2 60. c6 Kf6 (60... Rc2
61. Kd6 $18 {transposes into the game}) 61. Re4 Rd2+ 62. Kc5 Rc2+ 63. Kb6 Rb2+
64. Ka7 Rc2 65. Kb7 Rb2+ 66. Kc8 g5 67. c7 $18) 56. Kf3 h4 57. Ke4 $1 {The K
hurries to support the passed P.} Kg6 (57... Rxg2 58. c6 Rc2 59. Kd5 $18) 58.
Kd5 Rd2+ 59. Ke6 Rxg2 (59... Rc2 60. Kd6 Kf6 61. Rd5 $18) 60. c6 Rc2 61. Kd6
Kf6 62. Rd5 {[%cal Rc6c7,Rd5c5] /\c7,Rc5 Avoids the last trick.} (62. c7 $4
Rxc7 $11) 62... g5 63. c7 g4 64. Rc5 1-0